Traducciones poéticas completas / (Record no. 68120)

MARC details
000 -LEADER
campo de control de longitud fija 00999nam a2200241 i 4500
001 - NÚMERO DE CONTROL
campo de control 68120
003 - IDENTIFICADOR DE NÚMERO DE CONTROL
campo de control ES-MaACL
005 - FECHA Y HORA DE LA ÚLTIMA TRANSACCIÓN
campo de control 20260303141307.0
007 - CAMPO FIJO DE DESCRIPCIÓN FÍSICA--INFORMACIÓN GENERAL
campo de control de longitud fija t|
008 - DATOS DE LONGITUD FIJA--INFORMACIÓN GENERAL
campo de control de longitud fija 040610s1986 sp ||||1| spa d
020 ## - NÚMERO INTERNACIONAL ESTÁNDAR DEL LIBRO
Número Internacional Estándar del Libro 84-00-06239-6
100 0# - ENTRADA PRINCIPAL--NOMBRE DE PERSONA
Nombre de persona Gaos, Vicente,
Fechas asociadas al nombre 1919-1980
9 (RLIN) 53906
245 10 - MENCIÓN DEL TÍTULO
Título Traducciones poéticas completas /
Mención de responsabilidad, etc. Vicente Gaos.
260 ## - PUBLICACIÓN, DISTRIBUCIÓN, ETC.
Lugar de publicación, distribución, etc. Valencia :
Nombre del editor, distribuidor, etc. Institución Alfonso el Magnánimo :
-- Institució Valenciana d'Estudis i Investigació,
Fecha de publicación, distribución, etc. 1986.
300 ## - DESCRIPCIÓN FÍSICA
Extensión 2 v. ;
Dimensiones 20 cm.
500 ## - NOTA GENERAL
Nota general Textos bilingües, a excepción de los Boris Pasternak.
505 8# - NOTA DE CONTENIDO CON FORMATO
Nota de contenido con formato Contiene: V. I.: Dante Alighieri, J.A. Rimbaud, Ch. Péguy y B. Pasternak. -- V. II.: W. Shakespeare, P.B. Shelley, T.E. Hulme, E. Pound, T.S. Eliot y R.M. Rilke
546 ## - NOTA DE IDIOMA
Nota de lengua/lenguaje Textos en castellano, inglés, francés, aleman e italiano.
650 04 - PUNTO DE ACCESO ADICIONAL DE MATERIA--TÉRMINO DE MATERIA
Término de materia o nombre geográfico como elemento de entrada Poesías.
9 (RLIN) 166796
710 2# - ENTRADA AGREGADA--NOMBRE DE ENTIDAD CORPORATIVA
Nombre de entidad corporativa o nombre de jurisdicción como elemento de entrada Institució Alfons el Magnànim
9 (RLIN) 173001
852 ## - LOCALIZACIÓN
Ubicación ES-MaACL
Número de control de estantería P-32
Sublocalización o colección R.112596
Holdings
Estatus retirado Estado de pérdida Estado de daño No para préstamo Biblioteca de origen Biblioteca actual Ubicación en estantería Fecha de adquisición Fuente de adquisición Total de préstamos Signatura topográfica completa Código de barras Visto por última vez Precio de reemplazo Tipo de ítem Koha
        Biblioteca del Ateneo de Madrid Biblioteca del Ateneo de Madrid Depósito 2 17/01/2008     P-32 1071313 23/02/2023 23/02/2023 Libro impreso